Bulan retak di balik awan

Bibliographic Details
Main Author: Maugham, W. Somerset
Format: Book
Published: Kuala Lumpur : Dewan Bahasa dan Pustaka , 1989
Subjects:

MARC

LEADER 00000cam a2200000 7i4500
001 0000063927
005 20160615.0
008 160615
020 |a 9789836208844 
090 0 0 |a MAU   |b MAL 
100 0 |a Maugham, W. Somerset 
245 1 0 |a Bulan retak di balik awan   |c W. Somerset Maugham 
260 |a Kuala Lumpur :   |b Dewan Bahasa dan Pustaka ,   |c 1989 
300 |a 314p. 
650 0 |a Malay fictions 
999 |a 000133539   |b Book   |c Adult Collection   |e Cawangan Muar